Kade plášť, tade vietor? Privatizácia ako prekážková dráha.
Malá privatizácia na Slovensku končí. Do súkromných rúk prešla takmer celá obchodná sieť, služby i drobné prevádzky. Pre kupónovú privatizáciu bolo schválených 440 projektov, celkove je na Ministerstve pre správu a privatizáciu národného majetku sústredených 1500 privatizačných projektov. Charakteri...
Saved in:
| Main Author: | |
|---|---|
| Format: | Book Chapter |
| Language: | Slovak |
| Subjects: | |
| Tags: |
No Tags, Be the first to tag this record!
|
MARC
| LEADER | 00000naa a2200000 4500 | ||
|---|---|---|---|
| 001 | r007768 | ||
| 005 | 20220831083732.7 | ||
| 041 | 0 | |a slo | |
| 044 | |a [CS] | ||
| 245 | 1 | 0 | |a Kade plášť, tade vietor? |b Privatizácia ako prekážková dráha. |c Eduard Žitňanský |
| 520 | |a Malá privatizácia na Slovensku končí. Do súkromných rúk prešla takmer celá obchodná sieť, služby i drobné prevádzky. Pre kupónovú privatizáciu bolo schválených 440 projektov, celkove je na Ministerstve pre správu a privatizáciu národného majetku sústredených 1500 privatizačných projektov. Charakteristika niektorých útokov na privatizáciu, niektorých jestvujúcich skutočných nedostatkov privatizácie a argumentácie pre iné podmienky privatizácie na Slovensku. | ||
| 610 | 2 | 0 | |a privatizácia |
| 610 | 2 | 0 | |a Slovensko |
| 610 | 2 | 0 | |a siete obchodné |
| 610 | 2 | 0 | |a služby |
| 610 | 2 | 0 | |a reformy hospodárske |
| 610 | 2 | 0 | |a projekty |
| 100 | 1 | |a Žitňanský, Eduard | |